[Event "Muensterland Regionalliga Gr2 2223"]
[Site "Germany"]
[Date "2023.02.25"]
[Round "5.2"]
[White "Buendgen, Achim"]
[Black "Schroer, Klaus"]
[Result "1-0"]
[WhiteElo "2069"]
[BlackElo "1998"]
[PlyCount "107"]
[EventDate "2022.09.03"]
[EventType "team-tourn"]
[EventRounds "5"]
[EventCountry "GER"]
[SourceTitle "EXT 2024"]
[Source "ChessBase"]
[SourceDate "2023.10.10"]
[SourceVersion "1"]
[SourceVersionDate "2023.10.10"]
[SourceQuality "1"]
[WhiteTeam "Raesfeld Erle"]
[BlackTeam "Borken"]
[WhiteTeamCountry "GER"]
[BlackTeamCountry "GER"]

1. e4 d6 2. d4 Nf6 3. Nc3 e5 4. Nf3 Nbd7 5. Bc4 Be7 6. 0-0 h6 7. Re1 c6 8. a4 a5 9. b3 0-0 10. Bb2 Re8 11. Bd3 Qc7 12. Ne2 g6 13. Ng3 Bf8 14. Qd2 b6 15. Rad1 Bb7 16. h4 Bg7 17. h5 Rad8 18. hxg6 fxg6 19. Nh4 Kh7 20. f4 Nf8 21. Nf3 Ng4 22. f5 d5 23. exd5 exd4 24. fxg6+ Kh8 25. Rxe8 Rxe8 26. d6 Qxd6 27. Nf5 Qxg6 28. Nxg7 Qxg7 29. Bxd4 Nf6 30. Qf4 N8d7 31. Bf5 c5 32. Bxd7 cxd4 33. Bxe8 Nxe8 34. Qxd4 Nf6 35. Qf4 Bd5 36. c4 Be4 37. Rd8+ Kh7 38. Rd6 Bxf3 39. Qxf3 Ng8 40. Qf5+ Kh8 41. Rd7 Qa1+ 42. Kh2 Nf6 43. Rd6 Ng8 44. Rxb6 Qd4 45. Re6 Qh4+ 46. Kg1 Qd4+ 47. Qf2 Qd1+ 48. Re1 Qxb3 49. Qd4+ Kh7 50. Rf1 Qb7 51. Qd5 Qa7+ 52. c5 Ne7 53. Rf7+ Kg6 54. Qe6+ 1-0

[Event "Muensterland Regionalliga Gr2 2223"]
[Site "Germany"]
[Date "2022.09.03"]
[Round "1.2"]
[White "Terhart, Juergen"]
[Black "Buendgen, Achim"]
[Result "1/2-1/2"]
[WhiteElo "1816"]
[BlackElo "2069"]
[PlyCount "63"]
[EventDate "2022.09.03"]
[EventType "team-tourn"]
[EventRounds "5"]
[EventCountry "GER"]
[SourceTitle "EXT 2024"]
[Source "ChessBase"]
[SourceDate "2023.10.10"]
[SourceVersion "1"]
[SourceVersionDate "2023.10.10"]
[SourceQuality "1"]
[WhiteTeam "Raesfeld Erle II"]
[BlackTeam "Raesfeld Erle"]
[WhiteTeamCountry "GER"]
[BlackTeamCountry "GER"]

1. d4 Nf6 2. Bf4 c5 3. e3 cxd4 4. exd4 d5 5. c3 Nc6 6. Bd3 Bg4 7. Qb3 Qc8 8. Nd2 e6 9. Ngf3 Be7 10. 0-0 Bh5 11. Ne5 Bg6 12. Ndf3 Bxd3 13. Nxd3 0-0 14. Rfe1 Na5 15. Qd1 Nc4 16. Nfe5 b5 17. g4 a5 18. g5 Ne4 19. Qh5 g6 20. Qh6 Ncd6 21. Qh3 Nxg5 22. Qg2 Nge4 23. f3 Nf6 24. Kh1 Nf5 25. Bg5 Nh5 26. Bd2 Bf6 27. Rg1 Bg7 28. Qh3 Qe8 29. Rg2 f6 30. Ng4 e5 31. dxe5 fxe5 32. Ngxe5 1/2-1/2

[Event "NRW Class2 1516"]
[Site "Germany"]
[Date "2015.12.20"]
[Round "4.5"]
[White "Buendgen, Achim"]
[Black "Kartsev, Alexandr"]
[Result "1-0"]
[WhiteElo "2137"]
[BlackElo "2158"]
[PlyCount "29"]
[EventDate "2015.09.27"]
[EventType "team-tourn"]
[EventRounds "9"]
[EventCountry "GER"]
[SourceTitle "EXT 2017"]
[Source "ChessBase"]
[SourceDate "2016.10.25"]
[SourceVersion "1"]
[SourceVersionDate "2016.10.25"]
[SourceQuality "1"]
[WhiteTeam "Neuenkirchen"]
[BlackTeam "Sodingen"]
[WhiteTeamCountry "GER"]
[BlackTeamCountry "GER"]

1. e4 c6 2. d4 d5 3. f3 g6 4. Nc3 Bg7 5. Be3 Qb6 6. Na4 Qa5+ 7. c3 Nd7 8. b4 Qc7 9. Bd3 dxe4 10. fxe4 e5 11. Nf3 Ngf6 12. h3 exd4 13. cxd4 Qg3+ 14. Bf2 Qxg2 15. Rh2 1-0

[Event "NED-chT 1314"]
[Site "Netherlands"]
[Date "2013.12.07"]
[Round "3.2"]
[White "Cuijpers, Frans Andre"]
[Black "Buendgen, Achim"]
[Result "1-0"]
[WhiteElo "2447"]
[BlackElo "2214"]
[PlyCount "93"]
[EventDate "2013.09.21"]
[EventType "team-tourn"]
[EventRounds "9"]
[EventCountry "NED"]
[SourceTitle "EXT 2015"]
[Source "ChessBase"]
[SourceDate "2014.11.20"]
[SourceVersion "1"]
[SourceVersionDate "2014.11.20"]
[SourceQuality "1"]
[WhiteTeam "Rotterdam"]
[BlackTeam "ESG Max Euwe"]
[WhiteTeamCountry "NED"]
[BlackTeamCountry "NED"]

1. e4 e5 2. Nf3 Nc6 3. Bb5 Nge7 4. c3 a6 5. Ba4 d6 6. d4 Bd7 7. 0-0 Ng6 8. d5 Nb8 9. c4 Be7 10. Nc3 h6 11. Be3 Bg5 12. Re1 Bxe3 13. Rxe3 a5 14. a3 0-0 15. b4 Na6 16. Rb1 Bg4 17. Qd2 Bxf3 18. Rxf3 Qg5 19. Qxg5 hxg5 20. g3 Ne7 21. Bb5 axb4 22. axb4 Nb8 23. c5 Ra3 24. Re3 Rd8 25. Nd1 Rxe3 26. Nxe3 Nd7 27. cxd6 cxd6 28. Rc1 Nf6 29. Rc7 Kf8 30. f3 Rb8 31. Nc4 Nc8 32. Na5 g4 33. Kf2 b6 34. Nc4 Ra8 35. Ke3 gxf3 36. Kxf3 Na7 37. Nxd6 Rd8 38. Rxf7+ Kg8 39. Rxa7 Rxd6 40. Rb7 Nh7 41. h4 Kf8 42. Rb8+ Ke7 43. Re8+ Kf6 44. g4 g6 45. g5+ Kf7 46. Rxe5 Nf8 47. Be8+ 1-0

[Event "NRW Class2 1213"]
[Site "Germany"]
[Date "2013.04.07"]
[Round "8.4"]
[White "Litwak, Aleksej"]
[Black "Buendgen, Achim"]
[Result "0-1"]
[WhiteElo "2189"]
[BlackElo "2216"]
[PlyCount "96"]
[EventDate "2012.09.16"]
[EventType "team-tourn"]
[EventRounds "9"]
[EventCountry "GER"]
[SourceTitle "EXT 2017"]
[Source "ChessBase"]
[SourceDate "2016.10.25"]
[SourceVersion "1"]
[SourceVersionDate "2016.10.25"]
[SourceQuality "1"]
[WhiteTeam "Oberhausen"]
[BlackTeam "Neuenkirchen"]
[WhiteTeamCountry "GER"]
[BlackTeamCountry "GER"]

1. e4 e5 2. Nf3 Nc6 3. Bb5 Nge7 4. 0-0 a6 5. Ba4 d6 6. c3 Bd7 7. d4 Ng6 8. Re1 Be7 9. Nbd2 h6 10. Nf1 Bg5 11. Ne3 Bxe3 12. Bxe3 0-0 13. h3 Qe7 14. d5 Nb8 15. c4 a5 16. Rc1 Bxa4 17. Qxa4 Nd7 18. Qc2 b6 19. b3 Nh4 20. Qe2 Nc5 21. Nxh4 Qxh4 22. Bxc5 bxc5 23. Qg4 Qxg4 24. hxg4 Rfb8 25. Re3 Rb4 26. Rcc3 a4 27. g3 axb3 28. axb3 f6 29. Kg2 Kf7 30. Rcd3 Ra2 31. Rf3 Ke7 32. Rde3 Rb8 33. Kf1 Rb2 34. Rd3 Ra8 35. Kg2 Ra1 36. Rfe3 Raa2 37. Rf3 Kd7 38. Rc3 Kc8 39. Rcd3 Kb7 40. Rc3 Kb6 41. Rce3 Ka5 42. Rd3 Kb4 43. Rde3 Ra3 44. g5 hxg5 45. Kh3 Rbxb3 46. Rxb3+ Rxb3 47. Rf5 Kxc4 48. Kg4 Kd4 0-1

[Event "NRW Class1 1112"]
[Site "Germany"]
[Date "2012.01.08"]
[Round "5.4"]
[White "Buendgen, Achim"]
[Black "Schoorl, Rob"]
[Result "1/2-1/2"]
[WhiteElo "2189"]
[BlackElo "2317"]
[PlyCount "90"]
[EventDate "2011.09.18"]
[EventType "team-tourn"]
[EventRounds "9"]
[EventCountry "GER"]
[SourceTitle "EXT 2015"]
[Source "ChessBase"]
[SourceDate "2014.11.20"]
[SourceVersion "1"]
[SourceVersionDate "2014.11.20"]
[SourceQuality "1"]
[WhiteTeam "Rheine Klein Berlin"]
[BlackTeam "Muelheim Nord II"]
[WhiteTeamCountry "GER"]
[BlackTeamCountry "GER"]

1. e4 e5 2. Ne2 Nf6 3. f4 d5 4. fxe5 Nxe4 5. d3 Nc5 6. d4 Ne4 7. Nd2 Bf5 8. Nxe4 Bxe4 9. Ng3 Bg6 10. Bd3 Be7 11. 0-0 0-0 12. Nf5 c5 13. c3 Nc6 14. Be3 cxd4 15. cxd4 Bg5 16. Qd2 Bxe3+ 17. Nxe3 Qb6 18. Bxg6 fxg6 19. Nxd5 Qxd4+ 20. Qxd4 Nxd4 21. Rae1 Ne6 22. Ne7+ Kh8 23. Rd1 Rfd8 24. Rd6 Rxd6 25. exd6 Rd8 26. Re1 Nd4 27. Re5 Rxd6 28. Nf5 Re6 29. Rxe6 Nxe6 30. Nd6 Nd8 31. Kf2 Kg8 32. Ke3 Kf8 33. Ke4 a6 34. a4 Ke7 35. Kd5 Kd7 36. a5 g5 37. g4 h6 38. Ne4 Ne6 39. Nc5+ Nxc5 40. Kxc5 Kc7 41. h3 g6 42. Kd5 Kd7 43. Ke5 Ke7 44. Kd5 Kd7 45. Ke5 Ke7 1/2-1/2

[Event "NRW Class1 1112"]
[Site "Germany"]
[Date "2011.09.18"]
[Round "1.4"]
[White "Buendgen, Achim"]
[Black "Huelsmann, Josef"]
[Result "1/2-1/2"]
[WhiteElo "2189"]
[BlackElo "2117"]
[PlyCount "83"]
[EventDate "2011.09.18"]
[EventType "team-tourn"]
[EventRounds "9"]
[EventCountry "GER"]
[SourceTitle "EXT 2015"]
[Source "ChessBase"]
[SourceDate "2014.11.20"]
[SourceVersion "1"]
[SourceVersionDate "2014.11.20"]
[SourceQuality "1"]
[WhiteTeam "Rheine Klein Berlin"]
[BlackTeam "Langenfeld"]
[WhiteTeamCountry "GER"]
[BlackTeamCountry "GER"]

1. d4 e6 2. Nf3 d5 3. c4 c6 4. Nc3 f5 5. cxd5 exd5 6. Bf4 Nf6 7. e3 Bd6 8. Ne5 0-0 9. Bd3 Qe7 10. 0-0 Nbd7 11. Nxd7 Bxd7 12. Bxd6 Qxd6 13. Qf3 Ne4 14. Bxe4 fxe4 15. Qg3 Qxg3 16. hxg3 Bg4 17. b4 Rf5 18. a4 Raf8 19. b5 R8f6 20. bxc6 Rxc6 21. Rac1 Rh6 22. f3 exf3 23. e4 dxe4 24. Nxe4 Rc6 25. Rxc6 bxc6 26. Rc1 fxg2 27. Rxc6 Rd5 28. Rc4 Be2 29. Rc8+ Kf7 30. Nc3 Bg4 31. Rc7+ Rd7 32. Rxd7+ Bxd7 33. a5 Bc6 34. d5 Bd7 35. Kxg2 Kf6 36. Kf3 Ke5 37. Ke3 h5 38. Kd3 g5 39. Ke3 h4 40. Ne4 h3 41. Nxg5 Kxd5 42. Nxh3 1/2-1/2

[Event "NRW Class2 1011"]
[Site "Germany"]
[Date "2011.03.13"]
[Round "8.5"]
[White "Homs, Guust"]
[Black "Buendgen, Achim"]
[Result "1-0"]
[WhiteElo "2187"]
[BlackElo "2132"]
[PlyCount "133"]
[EventDate "2010.09.26"]
[EventType "team-tourn"]
[EventRounds "9"]
[EventCountry "GER"]
[SourceTitle "EXT 2012"]
[Source "ChessBase"]
[SourceDate "2011.11.24"]
[SourceVersion "1"]
[SourceVersionDate "2011.11.24"]
[SourceQuality "1"]
[WhiteTeam "Erkenschwick"]
[BlackTeam "Rheine Klein Berlin"]
[WhiteTeamCountry "GER"]
[BlackTeamCountry "GER"]

1. e4 e5 2. Nf3 Nc6 3. d4 exd4 4. Nxd4 Nf6 5. Nc3 Bb4 6. Nxc6 bxc6 7. Bd3 d5 8. exd5 Qe7+ 9. Qe2 cxd5 10. Qxe7+ Kxe7 11. Bd2 Re8 12. 0-0-0 c6 13. a3 Bd6 14. Rhe1+ Kf8 15. Rxe8+ Kxe8 16. Re1+ Kf8 17. h3 Bd7 18. Be3 Nh5 19. Na4 Nf4 20. Bc5 Bxc5 21. Nxc5 Rd8 22. Bf1 g5 23. g3 Ne6 24. Nd3 a5 25. Bg2 Kg7 26. Rh1 Be8 27. h4 h6 28. hxg5 hxg5 29. Bh3 Rd6 30. Re1 Bd7 31. Bxe6 Rxe6 32. Rxe6 fxe6 33. Nc5 Bc8 34. Nb3 Kf6 35. Nxa5 c5 36. b4 cxb4 37. axb4 Ba6 38. Nc6 e5 39. Kd2 Kf5 40. Na7 Ke6 41. Nc6 Kf5 42. c3 Ke6 43. Ke3 Kd6 44. Nd8 Ke7 45. Nc6+ Kd6 46. Na5 Ke6 47. Nb3 Bb5 48. Nd2 Kf5 49. Nf3 Kf6 50. Ne1 Kf5 51. Nc2 Ke6 52. f4 gxf4+ 53. gxf4 Kf5 54. fxe5 Kxe5 55. Nd4 Bf1 56. Nf3+ Kd6 57. Kd4 Be2 58. Ne5 Bf1 59. Nd3 Be2 60. Nf4 Bc4 61. Ng2 Ba2 62. Ne3 Bb3 63. b5 Ba4 64. Nf5+ Ke6 65. b6 Bc6 66. Kc5 Bb7 67. Nd6 1-0

[Event "NRW Class2 1011"]
[Site "Germany"]
[Date "2011.02.20"]
[Round "7.5"]
[White "Noetzel, Frank"]
[Black "Buendgen, Achim"]
[Result "0-1"]
[WhiteElo "2269"]
[BlackElo "2132"]
[PlyCount "78"]
[EventDate "2010.09.26"]
[EventType "team-tourn"]
[EventRounds "9"]
[EventCountry "GER"]
[SourceTitle "EXT 2012"]
[Source "ChessBase"]
[SourceDate "2011.11.24"]
[SourceVersion "1"]
[SourceVersionDate "2011.11.24"]
[SourceQuality "1"]
[WhiteTeam "Elberfeld"]
[BlackTeam "Rheine Klein Berlin"]
[WhiteTeamCountry "GER"]
[BlackTeamCountry "GER"]

1. f4 g6 2. Nf3 Bg7 3. g3 d5 4. Bg2 c5 5. 0-0 Nc6 6. Nc3 Nf6 7. d3 0-0 8. e4 d4 9. Ne2 e5 10. h3 Ne8 11. f5 gxf5 12. exf5 Nd6 13. g4 e4 14. dxe4 Nxe4 15. Nf4 Ng3 16. Re1 h5 17. Nd3 c4 18. Nde5 Nxe5 19. Nxe5 d3 20. Nxc4 Qd4+ 21. Kh2 Nxf5 22. Re4 Qc5 23. gxf5 dxc2 24. Qxh5 Bxf5 25. Rh4 Rad8 26. Ne3 Qc7+ 27. Kh1 Bg6 28. Qf3 Qa5 29. Rc4 Rd1+ 30. Bf1 Qe1 31. Nxc2 Qxf1+ 32. Qxf1 Rxf1+ 33. Kg2 Rd1 34. Ne3 Rd7 35. a4 Re8 36. Ra3 Be4+ 37. Kg3 Be5+ 38. Kg4 Bd3 39. Rb4 Re6 0-1